| 000 | 01084nam a2200277 i 4500 | ||
|---|---|---|---|
| 001 | 161354 | ||
| 003 | ES-MaACL | ||
| 005 | 20250814063247.0 | ||
| 008 | 010905q1911 sp b |r |||| 0 spa d | ||
| 040 |
_aCYL _bspa _cCYL |
||
| 080 | _a94(647)"1909/1927"(092) | ||
| 080 | _a355.48(647)"1909/1927"(092) | ||
| 100 | 1 |
_aParache, Antonio _eaut _9130821 |
|
| 245 | 1 | 0 |
_aCorrerías por el Muluya / _cCapitán Parache |
| 260 |
_aValladolid : _b[s.n., _c1911] _f(Tip. del Colegio Santiago) |
||
| 300 |
_aVIII, 85 páginas, [1] hoja plegada de mapa ; _c21 cm |
||
| 530 | _aDisponible en formato digital | ||
| 596 | _aFecha de edición tomada de: Palau, 212010-1 | ||
| 650 | 7 |
_aConflicto hispano-marroquí, 1909-1927 _2embne _9156658 |
|
| 651 | 4 |
_aMuluya (Río) _9241749 |
|
| 852 | 4 |
_aES-MaACL _cSVI _jD-4881 _xHolandesa |
|
| 856 | 4 |
_uhttps://bibliotecavirtual.defensa.gob.es/BVMDefensa/es/consulta/registro.do?id=36450 _yVersión en línea _z(Biblioteca Virtual de Defensa) |
|
| 942 |
_2udc _cMONOGRAFIA _n0 |
||
| 999 |
_c161354 _d161354 |
||